Vampiros - Rauw / Rosalia (Lyrics) - Estadísticas

Estadísticas generales
  • Esta prueba ha sido intentada 55 veces
  • La puntuación promedio es 252 de 340
Estadísticas de respuestas
Respuesta % Correcto
No
100%
no
100%
el
97%
Es
97%
es
97%
está
97%
esta
97%
la
97%
La
97%
la'
97%
Mi
97%
97%
mi
97%
noche,
97%
noche
97%
nos
97%
se
97%
Se
97%
A
94%
de
94%
De
94%
que
94%
Que
94%
94%
94%
al
92%
eres
92%
me
92%
sabes
92%
te
92%
y
92%
Y
92%
en
89%
En
89%
garete,
89%
garete
89%
dispara
86%
fuimos
86%
pistola
86%
sola
86%
tiene
86%
Carola
83%
día
83%
Ella
83%
ella
83%
mete
83%
Nosotros
83%
pero
83%
Salimos
83%
seguro,
83%
tenemos
83%
Barcelona,
81%
calle
81%
le
81%
lo
81%
Yo
81%
yo
81%
llegamos
78%
pa'
78%
más
75%
Si
75%
eh
72%
nena
72%
nene
72%
decía
69%
nadie
69%
prendi'a
69%
seguidora,
69%
cerca
67%
ola
67%
ahora
64%
allá
64%
Don,
64%
nunca
64%
Vampiros
64%
hay
58%
importó
58%
soy
58%
verdad
58%
Los
56%
los
56%
como
53%
Como
53%
somos
53%
wasabi
53%
con
50%
gata
50%
siempre,
50%
vámonos
50%
ventana
50%
natural,
47%
spicy
47%
voy
47%
Baby,
44%
fin
44%
gato
44%
semana
44%
sígueme,
44%
sonando
44%
humo
42%
iguales
42%
inmortales
42%
oscuridad,
42%
salga
42%
Baja
39%
Daddy
39%
espantan
39%
espíritus
39%
ey
39%
Ey,
39%
luna
39%
maldad
39%
gustó
36%
metales
36%
pica,
36%
Colmillos
33%
pesá'?
33%
vida
33%
wabi-sabi
33%
afila'os
31%
estoy
31%
malos
31%
ya
31%
amor
25%
del
25%
Dios
25%
enviciá'
25%
perder
25%
primer
25%
tiempo
25%
escolta
22%
luzca
22%
mismo
22%
abusas
19%
cumple
19%
dice
19%
Ferraris
19%
juqueá'
19%
romper
19%
vuelve
19%
asusta
17%
Guayando
17%
Harás
17%
hombre
17%
paga
17%
to'as
17%
usas
17%
Este
14%
intenta
14%
junte
14%
¿Dónde
11%
¿Donde
11%
ego
11%
pa'llá
11%
To'os
8%
No se encontraron pruebas coincidentes
Distribución de puntuación
Porcentaje de gente con cada puntuación
Porcentaje por número respondido
Historial de tus puntuaciones
No has intentado esta prueba.